55. výročie Slovenskej ekonomickej knižnice

Stručný obraz o celkovom postavení, informačnom poslaní, pôsobnosti a význame SEK v informačnom systéme Ekonomickej univerzity, v sieti akademických knižníc, ako aj v informačnom systéme knižníc na Slovensku.

Enregistré dans:
Détails bibliographiques
Auteur principal: Mártonová, Renáta
Format: Chapitre de livre
Langue:slovaque
Sujets:
Tags: Ajouter un tag
Pas de tags, Soyez le premier à ajouter un tag!

MARC

LEADER 00000naa$a2200000$$$4500
001 0008885
005 20240502071354.4
041 0 |a slo 
044 |a SK 
245 1 0 |a 55. výročie Slovenskej ekonomickej knižnice  |c aut. Renáta Mártonová 
520 |a Stručný obraz o celkovom postavení, informačnom poslaní, pôsobnosti a význame SEK v informačnom systéme Ekonomickej univerzity, v sieti akademických knižníc, ako aj v informačnom systéme knižníc na Slovensku. 
610 2 0 |a konferencie 
610 2 0 |a školy vysoké 
610 2 0 |a vzdelávanie 
610 2 0 |a knižnice 
610 2 0 |a systémy informačné 
610 2 0 |a služby informačné 
610 2 0 |a veda ekonomická 
100 1 |a Mártonová, Renáta